000 00841nam a2200217 i 4500
001 41948
003 ES-MaACL
005 20250829103229.0
007 t|
008 030312s1968 sp ||||1| spa d
100 1 _aCastán Tobeñas, José,
_d1889-1969
_936392
245 1 3 _aLa relación de rango entre las exigencias individuales y las exigencias sociales de la justicia : el personalismo jurídico y sus límites /
_cJosé Castán Tobeñas.
260 _aMadrid :
_bInstituto de Cultura Hispánica,
_c1968.
300 _a11 p. ;
_c24 cm.
595 _aTirada aparte de: Revista de derecho español y americano, n. 18.
650 0 0 _aJusticia social.
_914034
650 0 7 _aPersonalismo
_2embne
_915975
710 2 _aInstituto de Cultura Hispánica (España)
_94854
852 _aES-MaACL
_j2068-F-22
999 _c41948
_d41948